| 000 | 00417nam a2200145 i 4500 | ||
|---|---|---|---|
| 001 | 52742 | ||
| 003 | ES-MaACL | ||
| 007 | t| | ||
| 008 | 030903s1924 fr ||||1| fre d | ||
| 100 | 1 |
_aDeclaraeuil, J. _943171 |
|
| 245 | 1 | 0 |
_aRome et l'organisation du droit / _cpar J. Declareuil. |
| 260 |
_aParis : _b[s.n.], _c1924 ( _eCorbeil : _fCrété) |
||
| 300 |
_aXI, 452 p. ; _c21 cm. |
||
| 852 |
_aES-MaACL _jB-3112 _bR.4681 |
||
| 999 |
_c52742 _d52742 |
||